000 00966nam0a2200289 4500
001 RU\NLR\bibl\814968
005 20250614134200.0
010 _a5-93463-012-1
_93000
035 _a(NLR Aleph) 000804001
090 _a1199132
_c1199132
100 _a20050704d2005 |||y0rusy50 ca
101 0 _arus
102 _aRU
105 _aa |||||||||
200 1 _aСовременный велосипед
_e[информация]
_fпод ред. И. Гуревича [и др.]
210 _aСанкт-Петербург
_cВелоПитер
_d2005
215 _a314 с.,[4] л. цв. ил.
_cил.
_d20
606 1 _aВелосипеды
_91220497
_3RU\NLR\auth\66178296
606 1 _aВелосипедный спорт
_91220561
_3RU\NLR\auth\66178333
686 _aО363
686 _aЧ517.217
702 1 _aГуревич
_bИ.
_gИлья
_4340
801 0 _aRU
_bNLR
_c20050704
_grcr
801 1 _aRU
_bNLR
_c20050704
942 _cBOOK
980 _aNB